000 00493nam a2200181Ia 4500
005 20250508162224.0
008 008 250505s9999 xx 000 0 eng d
037 _aTextual
040 _aFEDL
_beng
_cFEDL
041 _aeng
_2eng
084 _a507, WAN
_qFEDL
100 _aWanchoo V N Ed.
_9772598
245 0 _aWorld views on science education
260 _aOxford
_bIBH Publishing Co.
_c1982
300 _axiv,414p
942 _cTEXL
_h507, WAN
999 _c1375198
_d1375198